Skúmania stavu chudoby vo Vietname pomocou logistickej regresie

Chudoba a veľký rozdiel medzi vrstvami ako vážne faktory sociálnych problémov v krajine. Skúmanie chudoby, príčin jej vzniku, faktorov, ktoré na ňu pôsobia. Nájdenie faktorov, ktoré môžu chudobu ovplyvňovať, pomocou logistickej regresie.

Enregistré dans:
Détails bibliographiques
Auteur principal: Nguyen Dinh, He
Format: Chapitre de livre
Langue:slovaque
Sujets:
Tags: Ajouter un tag
Pas de tags, Soyez le premier à ajouter un tag!

MARC

LEADER 00000naa$a2200000$$$4500
001 0125350
005 20240502072430.0
041 0 |a slo 
044 |a SK 
245 1 0 |a Skúmania stavu chudoby vo Vietname pomocou logistickej regresie  |c Dinh He Nguyen 
520 |a Chudoba a veľký rozdiel medzi vrstvami ako vážne faktory sociálnych problémov v krajine. Skúmanie chudoby, príčin jej vzniku, faktorov, ktoré na ňu pôsobia. Nájdenie faktorov, ktoré môžu chudobu ovplyvňovať, pomocou logistickej regresie. 
610 2 0 |a chudoba 
610 2 0 |a chudobní 
610 2 0 |a úroveň životná 
610 2 0 |a regresia 
610 2 0 |a pravdepodobnosť 
610 2 0 |a Vietnam 
100 1 |a Nguyen Dinh, He